Mystery tour and other stories of detection

Bibliographic Details
Other Authors: Gowar, Mick (Compiled by)
Format: Book
Published: London : The Bodley Head , 1991
Subjects:

MARC

LEADER 00000cam a2200000 7i4500
001 0000001032
002 000001141
005 .0
020 |a 0370315790 
090 0 0 |a JF   |b MYS 
245 0 0 |a Mystery tour and other stories of detection   |c compiled by Mick Gowar 
260 |a London :   |b The Bodley Head ,   |c 1991 
300 |a 163p. ;   |c 20cm. 
650 0 0 |a Mystery and detection fiction 
700 1 |a Gowar, Mick ,   |e Compiled by 
999 |a 00074588   |b BUKU   |c PINJAMAN   |e PERPUSTAKAAN KOMUNITI PETALING JAYA 
999 |a 031299   |b BUKU   |c PINJAMAN   |e PERPUSTAKAAN KOMUNITI PETALING JAYA